The little red caboose / (Record no. 76)
[ view plain ]
| 000 -LEADER | |
|---|---|
| fixed length control field | 01111nam a22003257a 4500 |
| 001 - CONTROL NUMBER | |
| control field | 76 |
| 003 - CONTROL NUMBER IDENTIFIER | |
| control field | FISKH |
| 005 - DATE AND TIME OF LATEST TRANSACTION | |
| control field | 20240904155855.0 |
| 008 - FIXED-LENGTH DATA ELEMENTS--GENERAL INFORMATION | |
| fixed length control field | 230221b cb ||||| |||| 00| 0 eng d |
| 010 ## - LIBRARY OF CONGRESS CONTROL NUMBER | |
| LC control number | 2002112778 |
| 020 ## - INTERNATIONAL STANDARD BOOK NUMBER | |
| International Standard Book Number | 0307021521 |
| 035 ## - SYSTEM CONTROL NUMBER | |
| System control number | (DLC) 2002112778 |
| 040 ## - CATALOGING SOURCE | |
| Original cataloging agency | DLC |
| Transcribing agency | DLC |
| Modifying agency | MePoLT |
| -- | FISKH |
| Description conventions | rda |
| Language of cataloging | eng |
| 042 ## - AUTHENTICATION CODE | |
| Authentication code | pcc |
| -- | lcac |
| 050 ## - LIBRARY OF CONGRESS CALL NUMBER | |
| Classification number | PZ7.P853 |
| 082 ## - DEWEY DECIMAL CLASSIFICATION NUMBER | |
| Classification number | 813.54 |
| 100 1# - MAIN ENTRY--PERSONAL NAME | |
| Personal name | Potter, Marian. |
| 245 14 - TITLE STATEMENT | |
| Title | The little red caboose / |
| Statement of responsibility, etc. | Marian Potter. |
| 260 ## - PUBLICATION, DISTRIBUTION, ETC. | |
| Place of publication, distribution, etc. | New York, NY : |
| Name of publisher, distributor, etc. | Random House, |
| Date of publication, distribution, etc. | 2002. |
| 263 ## - PROJECTED PUBLICATION DATE | |
| Projected publication date | 0210 |
| 300 ## - PHYSICAL DESCRIPTION | |
| Extent | 12 leaves of plates : |
| Dimensions | 20 cm. |
| 440 ## - SERIES STATEMENT/ADDED ENTRY--TITLE | |
| Title | Little golden books |
| 505 ## - FORMATTED CONTENTS NOTE | |
| Formatted contents note | H |
| 520 ## - SUMMARY, ETC. | |
| Summary, etc. | This classic Little Golden Book, originally published in 1953, tells the tale of a charming red caboose who wants nothing more than to be as popular as the big steam engine at the front of the train. Boys and girls will love the inspiring tale and the colorful illustrations by Tibor Gergely. |
| 521 8# - TARGET AUDIENCE NOTE | |
| Target audience note | 430 |
| Source | Lexile |
| 521 1# - TARGET AUDIENCE NOTE | |
| Target audience note | H |
| Source | Raz-Plus |
| 650 ## - SUBJECT ADDED ENTRY--TOPICAL TERM | |
| Topical term or geographic name entry element | trains |
| 906 ## - LOCAL DATA ELEMENT F, LDF (RLIN) | |
| a | 0 |
| b | ibc |
| c | orignew |
| d | 2 |
| e | epcn |
| f | 20 |
| g | y-gencatlg |
| 942 ## - ADDED ENTRY ELEMENTS (KOHA) | |
| Source of classification or shelving scheme | Dewey Decimal Classification |
| Koha item type | Books |
| Withdrawn status | Lost status | Source of classification or shelving scheme | Damaged status | Not for loan | Collection | Home library | Current library | Shelving location | Date acquired | Total Checkouts | Full call number | Barcode | Date last seen | Date last checked out | Price effective from | Koha item type |
|---|---|---|---|---|---|---|---|---|---|---|---|---|---|---|---|---|
| Dewey Decimal Classification | Juvenile Fiction | Footprints International School Library Network Toul Kork Campus | Footprints International School Library Network Toul Kork Campus | 02/21/2023 | 3 | POT 813.54 PZ7.P853 | FISBK00145 | 09/04/2024 | 08/28/2024 | 02/21/2023 | Books |
